000
00317nam a22001457a 4500
008
211019b ||||| |||| 00| 0 eng d
020
_a
1555550630
041
_a
eng
080
_a
579
082
_a
579
100
_a
11
101
_a
BIO
245
_a
Biology The Kingdoms of Life
_c
Bledsoe,L.J
942
_2
udc
_c
BK
999
_c
58271
_d
58271